| 000 | 00979nam a2200265 4500 | ||
|---|---|---|---|
| 001 | 114042 | ||
| 003 | DR-UNIBE | ||
| 005 | 20250811092156.0 | ||
| 008 | 250811b2024 dr ||||| |||| 00| 1 spa d | ||
| 020 | _a9789945952364 | ||
| 040 |
_aBIBLIOTECA UNIBE _bspa _cBIBLIOTECA UNIBE _erda |
||
| 041 | _aspa | ||
| 090 | _aFBIU-MC CI J61s | ||
| 100 | 1 | 0 |
_aJiménez González, Mía Massiel _d2008- _9198289 _eautor |
| 245 | 1 | 0 |
_aSueña pequeña mia / _cMía Massiel Jimenez González ; ilustración y diseño: Anel Rizzo Perlaza |
| 250 | _aPrimera edición | ||
| 260 |
_aSanto Domingo : _bMaría Cecilia Manrique, _c2024 |
||
| 300 |
_a[Sin páginas] : _bilustraciones a color ; _c21 x 21 cm |
||
| 653 | 7 | _aCuentos juveniles dominicanos | |
| 653 | 7 | _aAutosuperación - Cuentos juveniles dominicanos | |
| 653 | 7 | _aSueños - Cuentos juveniles dominicanos | |
| 653 | 7 | _aLiteratura juvenil dominicana | |
| 700 | 1 | 0 |
_aRizzo Perlaza, Anel _9198290 _eilustrador _ediseñador |
| 942 |
_2ddc _cBK |
||
| 999 |
_c114042 _d114042 |
||